Trabajadores rurales de América Latina: entre la exclusión y la construcción de alternativas /
محفوظ في:
| المؤلف الرئيسي: | |
|---|---|
| مؤلفون آخرون: | |
| التنسيق: | نص |
| الموضوعات: | |
| الوسوم: |
إضافة وسم
لا توجد وسوم, كن أول من يضع وسما على هذه التسجيلة!
|
MARC
| LEADER | 00000 a a2200000 04500 | ||
|---|---|---|---|
| 001 | 5572 | ||
| 003 | |||
| 040 | |||
| 100 | |a Iglesias, Gerardo | ||
| 245 | |a Trabajadores rurales de América Latina: |b entre la exclusión y la construcción de alternativas / |c Gerardo Iglesias ; Ariel Celiberti | ||
| 650 | |a TRABAJADORES AGRICOLAS | ||
| 650 | |a EMPLEO RURAL | ||
| 650 | |a DERECHOS DEL TRABAJO | ||
| 650 | |a SINDICALISMO | ||
| 700 | |a Celiberti, Ariel | ||
| 773 | |g número 131 -132; páginas 17-22 | ||
| 999 | |c 36411 |d 36411 | ||
